History Quiz

Random History or Clickable Quiz
Score 0/30 Timer 06:00
11 Plays Today
% Correct
Benjamin
97.5%
George
97%
King
96.4%
Thomas
95.3%
Boston
94.7%
Benedict
93.5%
Paul
93.4%
Bunker
92.6%
Alexander
92.1%
Stamp
91%
James
91%
Continental
90.7%
Valley
89.9%
Common
88.9%
Abigail
88.8%
% Correct
Marquis
87.9%
Friedrich Wilhelm
83.4%
Olive Branch
81.8%
Virtual
80.2%
Patrick
78.9%
Dunmore's
77.8%
Nathan
74.7%
Crispus
70.8%
Ethan
70.3%
William
59.8%
Charles
59.8%
Phillis
38.7%
George
29.4%
Deborah
27.5%
Joseph
24.3%
Remove Ads.
Support Sporcle.
Get the best of Sporcle when you Go Orange. This ad-free experience offers more features, more stats, and more fun while also helping to support Sporcle. Thank you for becoming a member.

You're not logged in!

Compare scores with friends on all Sporcle quizzes.
OR
Log In

Show Comments

Extras

Top Quizzes Today


Score Distribution

Your Account Isn't Verified!

In order to create a playlist on Sporcle, you need to verify the email address you used during registration. Go to your Sporcle Settings to finish the process.

Report this User

Report this user for behavior that violates our Community Guidelines.

Details: